• 首页
  • 本馆介绍
  • 公告通知
  • 最新文献
  • 馆藏检索
  • 电子资源
  • 读者导购
  • 参考咨询
  • 我的图书馆
  • 登录
  • 详细信息显示
  • 放入我的书架
  • 预约/预借图书
  • 作者相关作品
  • 分类相关作品
  • 丛书相关作品
  • 出版社相关作品

书目信息

  • 表格格式
  • 工作单格式
  • 卡片格式
题名:
电器
    
 
作者: 贾宝贵 编写
分册:  
出版信息: 北京   中国建材工业出版社  1998
页数: 100页
开本: 19cm
丛书名: 世界科技全景百卷书
单 册:
中图分类: TM5-091
科图分类:
主题词: 电器--技术史--普及读物
电子资源:
ISBN: 7-80090-768-6
000 00644oam2 2200229 450
001 1535883370
005 20150124095829.67
010    @a7-80090-768-6@dCNY6.80
100    @a19961012d1998 em y0chiy0110 ea
101 0  @achi
102    @aCN@b110000
105    @ay z 000yy
200 1  @a电器@Adian qi@f贾宝贵编写
210    @a北京@c中国建材工业出版社@d1998
215    @a100页@d19cm
225 2  @a世界科技全景百卷书@i工业创造与发明系列@v28
461  0 @12001 @a世界科技全景百卷书
606 0  @a电器@x技术史@x普及读物
690    @aTM5-091@v5
701  0 @a贾宝贵@Ajia bao gui@4编写
801  0 @aCN@bTSSF@c20150124
905    @aZUCC@dTM5-091@eJY1
    
    电器/贾宝贵编写.-北京:中国建材工业出版社,1998
    100页;19cm.-(世界科技全景百卷书.工业创造与发明系列;28)
    
    
    ISBN 7-80090-768-6:CNY6.80
    
●
相关链接 在E读中查询图书 在五车中查询图书 在当当中查询图书 在豆瓣中查询图书


正题名:电器     索取号:TM5-091/JY1         预约/预借

序号 登录号 条形码 馆藏地/架位号 状态 备注
1 7842701   278427016   学院路分馆/ [索取号:TM5-091/JY1] 在馆    
2 7842702   278427025   学院路分馆/ [索取号:TM5-091/JY1] 在馆    
唐山师范学院图书馆 欢迎您!
大连网信软件有限公司© 版权所有